MDQL
is popping MORE tags! Check the
thread
!
Quizzes
Events
Quiz Creation
Community
Videos
Private Events
Remove Ads
Sign In
Join for FREE
Feedback
Dark Mode
Quiz Categories
Sports
Geography
Music
Movies
Television
Just For Fun
Miscellaneous
History
Literature
Language
Science
Gaming
Entertainment
Religion
Holiday
For Kids
Quiz Lab
Recent
Popular Today
Quiz Kudos Today
Editor Picks
Curator Picks
Quizzes by...
Day
Popularity
Type
Ratings
Length
Year
Community
Subscriptions
Recent Discussions
Orange Saloon
Badges
Playlists
Quests
Create
Leaderboards
Showdown
Live 5
Trivia Bingo
Activity
Puzzle Library
Sporcle Events
Private Events
Virtual Trivia
Globe League
Become a Host
Pub Owners
SporcleCon
Opinionation
Our Games
Videos
Blog
Mobile Apps
Partnerships
Remove Ads and Go Orange
Feedback
Gaming
Video Games
Board Games
Card Games
Pokémon
Mario
Nintendo
Minecraft
Console
Toys
Legend of Zelda
Gaming
Video Games
Board Games
Card Games
Pokémon
Mario
Nintendo
Minecraft
Console
Toys
Legend of Zelda
Random Quiz
Search Sporcle
×
Quiz Lab
Quiz Lab
Gaming
Board Games
Type in answers that appear in a list
Type in answers that appear in a list
Classic
Best Score? Go Orange.
Finnish Monopoly Stats
Can you name the properties of the Finnish version of Monopoly?
By
Mazarius
5m
26 Questions
205 Plays
205 Plays
205 Plays
Comments
Comments
Give Quiz Kudos
Give Quiz Kudos
-
- Ratings
hide this ad
Replay
Link that replays current quiz
Next Quiz
Link to next quiz in quiz playlist
You Got
0%
They Got
Avg Score
62%
Avg Friend Score
Upgrade to see
Score Distribution
Jump to the score distribution portion of the page
Score
0/26
Timer
05:00
0
Plays Today
Colour
Property
% Correct
Dark Blue
Mannerheimintie
86.3%
Dark Blue
Erottaja
85.9%
Railroad
Pasilan asema
84.9%
Green
Eira
79.5%
Green
Bulevardi
78.5%
Railroad
Rautatieasema
73.2%
Red
Annankatu
69.8%
Railroad
Sörnäisten asema
69.8%
Brown
Korkeavuorenkatu
68.8%
Yellow
Aleksanterinkatu
67.8%
Light Blue
Esplanadi
66.8%
Green
Tehtaankatu
64.4%
Railroad
Tavara-asema
63.9%
Colour
Property
% Correct
Yellow
Mikonkatu
63.4%
Red
Simonkatu
60%
Orange
Liisankatu
56.6%
Brown
Kasarmikatu
55.1%
Pink
Kaisaniemenkatu
54.6%
Pink
Hämeentie
53.2%
Orange
Unioninkatu
51.2%
Red
Lönnrotinkatu
50.2%
Pink
Siltasaari
48.3%
Light Blue
Rantatie
46.8%
Light Blue
Kauppatori
46.3%
Orange
Snellmaninkatu
45.9%
Yellow
Keskuskatu
41.5%
Quiz Playlist
Details
Report
Send in Message
Add To Playlist
Classic:
Type in answers that appear in a list
Last Updated: Jul 25, 2019
Quiz Scoreboard
CHALLENGE
Sign Up to Join the Scoreboard
Show All
Scores
Hide
Comments
May contain spoilers
Recently Published
5x2 Blitz: Bands
by SL_Kpop136
Music
30s
Colored Red Africa Blitz
by spor1
Geography
30s
Find the 'City' Movie
by crazypaving
Movies
60s
More to Explore
Quiz From the Vault
Featured Blog Post
14 Easter Pick-up Lines to Find Eggs With
hide this ad
You Might Also Like...
Tags
Board Games Quiz
Finland
finnish
helsinki
Helsinki Metro
Monopoly
Monopoly Properties
Property
Today's Top Quizzes in Gaming
Browse Gaming
hide this ad
Today's Top Quizzes in Board Games
Browse Board Games
Top Contributed Quizzes in Gaming
1
League of Legends Pro Players by Career/Team History
2
Genshin murder mystery
3
Destiny 2 exotic weapons by perk icons
4
Dead By Daylight Logic Puzzle
5
Genshin Impact Logic Puzzle
6
Valorant Agent Developer Names (Up to Clove)
7
Overwatch 2: Ultimate Ability Icons
8
Who's on the WWE 2K24 Cover?
9
Genshin Impact Logic Puzzle Quiz II
10
4x4 Decades: Video Games
Explore More
Trending Topics
Crossword
Disney
Kpop
Harry Potter
Anime
NBA
Marvel
Puzzle
Soccer
NFL
The Office
Pokémon
Song
Country
WWE
hide this ad
More By:
Mazarius
Quiz
Plays
Rating
Category
Featured
Created
World Golf Number One Ranked Players
4,550
4.86
Sports
Aug 18, 2010
FedEx Cup Champions
2,413
4.75
Sports
Mar 10, 2012
Ryder Cup Teams 2021
1,932
5.00
Sports
Sep 13, 2021
Prime Ministers of Finland
1,602
5.00
History
Feb 28, 2010
Teams of the Finnish Liiga
1,523
4.33
Sports
Mar 1, 2010
Go to Creator's Profile
Score Distribution
Quiz Creator Spotlight
Mazarius
Follow
Send a Message
Quizzes Created
-
Created Quiz Play Count
-
More By This Creator
Popular Quizzes Today
1
Colored Red Africa Blitz
2
Find the 'City' Movie
3
Find the US States - No Outlines Minefield
4
5x2 Blitz: Bands
5
The Countries of the World
6
Find the US States
7
US States
8
Find the Countries of Europe - No Outlines Minefield
More Gaming Quizzes
Hidden Words: Pokemon (Generation I)
Quiz Lab
Trending Quizzes
Colored Red Europe Blitz I
Colored Red Africa Blitz II
Colored Red Europe Blitz II
Colored Red Europe Blitz III
Colored Red Africa Blitz III
Recently Updated
How Do You Spell That?
pecheneg
Godzilla Movies
pecheneg
Grab Bag: 4-10 Letters
pecheneg
2024 March Madness Bracket
pecheneg
Famous TV Couples
Peacemaker
Champions League XIs: Real Madrid
pecheneg
Largest US Cities 1790-2010
pecheneg
Rides in Walt Disney World
pecheneg
Most Oscar Losses (Acting)
pecheneg
Beyoncé Albums
pecheneg
Trending Topics
Crossword
Marvel
Harry Potter
Anime
Disney
Kpop
NBA
Song
WWE
Soccer
Country
Puzzle
NFL
The Office
Pokémon
Your Account Isn't Verified!
In order to create a playlist on Sporcle, you need to verify the email address you used during registration. Go to your
Sporcle Settings
to finish the process.
Report this User
Report this user for behavior that violates our
Community Guidelines
.
Details:
Send Report
Go to the Sporcle.com Mobile Site →
Comments